00230nam a2200085Ia 4500008004100000041000800041100001600049245004400065260003500109241105s9999 xx 000 0 und d aeng aSurve Sejal aInstitute Of Fashion Technology At Pune bFinal Year B. Arch, BNCAc2014